Revista de derecho público 2023 - 1 : Procedimiento administrativo sancionador - I /
Guardado en:
| Formato: | Libro |
|---|---|
| Idioma: | Spanish |
| Publicado: |
Santa Fe :
Rubinzal - Culzoni,
2023.
|
| Edición: | 1a. ed. rev. |
| Materias: | |
| Etiquetas: |
Agregar Etiqueta
Sin Etiquetas, Sea el primero en etiquetar este registro!
|
| LEADER | 00665nam a22001935a 4500 | ||
|---|---|---|---|
| 001 | DER.der014919 | ||
| 008 | 231106s2023####ag#||||||||||||||#||spa|| | ||
| 005 | 20231107105934.0 | ||
| 245 | 1 | 0 | |a Revista de derecho público 2023 - 1 : |b Procedimiento administrativo sancionador - I / |c Tomás Hutchinson. |
| 250 | |a 1a. ed. rev. | ||
| 260 | |a Santa Fe : |b Rubinzal - Culzoni, |c 2023. | ||
| 300 | |a 708 p. | ||
| 020 | |a 9789873047862 | ||
| 700 | 1 | |a Hutchinson, Tomás, |e dir. | |
| 700 | 1 | |a Basterra, Marcela I., |e dir. | |
| 650 | 7 | |a INFRACCION ADMINISTRATIVA | |
| 650 | 7 | |a POTESTAD SANCIONATORIA | |
| 650 | 7 | |a LEY NACIONAL DE MIGRACIONES | |
| 859 | |a DERECHO |b BIB. DERECHO |h 345.05 |i REV |p 0010259 | ||
